=LDR 00000nam 2200000 4500 =001 INLIS000000000032022 =005 20130612134045 =008 ***********************************ind** =035 ##$$0010-061300000032022 =041 ##$$a ind =082 ##$$a .342.08 =090 ##$$a R.342.08, Ind h =245 ##$$a Himpunan Peraturan Perundang-undangan tentang Pelanggaran HAM ( Hak Azasi Manusia ) =260 ##$$a 2007 $b [S.l] =300 ##$$a vi, 216 hlm, 21 cm =650 ##$$a Hak Asasi Manusia =850 ##$$a NBPNMAT